| 000 | 00778nam a2200205Ia 4500 | ||
|---|---|---|---|
| 003 | GCL | ||
| 008 | 140319s9999 xx 000 0 ara d | ||
| 040 |
_aGCL / _cGCL |
||
| 082 | 0 | 4 |
_a219 _bس ت |
| 100 | 1 | _aسيف الدين عبدالفتاح اسماعيل | |
| 245 | 1 | 0 |
_a"التحديد السياسى والواقع العربى ""رؤية اسلامية""" / _cسيف الدين عبدالفتاح اسماعيل |
| 260 |
_a[S.N] : _bمركز البحوث والدراسات السياسية ، _c1989 |
||
| 300 | _a483 ص | ||
| 490 | _a | ||
| 650 | 0 | 4 | _aالعالم العربى |
| 650 | 0 | 4 | _aالاسلام والاصلاح السياسى |
| 650 | 0 | 4 | _aحركات الاصلاح والتجديد |
| 650 | 0 | 4 | _aالاسلام والسياسة |
| 942 |
_2ddc _cBK |
||
| 999 |
_c31799 _d31799 |
||